|
|
|
|
| LEADER |
00000caa a2200000 c 4500 |
| 001 |
1691188298 |
| 003 |
DE-627 |
| 005 |
20200304151207.0 |
| 007 |
tu |
| 008 |
200227s2019 xx ||||| 00| ||eng c |
| 020 |
|
|
|a 9780190201371
|
| 035 |
|
|
|a (DE-627)1691188298
|
| 035 |
|
|
|a (DE-599)KXP1691188298
|
| 040 |
|
|
|a DE-627
|b ger
|c DE-627
|e rda
|
| 041 |
|
|
|a eng
|
| 100 |
1 |
|
|a Choy, Olivia
|e VerfasserIn
|0 (DE-588)1154729206
|0 (DE-627)1016136854
|0 (DE-576)500629668
|4 aut
|
| 109 |
|
|
|a Choy, Olivia
|
| 245 |
1 |
0 |
|a Biosocial influences on offending across the life course
|c Olivia Choy, Jill Portnoy, Adrian Raine, Rheanna J. Remmel, Robert Schug, Catherine Tuvblad, and Yaling Yang
|
| 264 |
|
1 |
|c 2019
|
| 336 |
|
|
|a Text
|b txt
|2 rdacontent
|
| 337 |
|
|
|a ohne Hilfsmittel zu benutzen
|b n
|2 rdamedia
|
| 338 |
|
|
|a Band
|b nc
|2 rdacarrier
|
| 700 |
1 |
|
|a Portnoy, Jill
|e VerfasserIn
|0 (DE-588)1205835784
|0 (DE-627)1691561231
|4 aut
|
| 700 |
1 |
|
|a Raine, Adrian
|d 1954-
|e VerfasserIn
|0 (DE-588)1052139612
|0 (DE-627)787917710
|0 (DE-576)171561414
|4 aut
|
| 700 |
1 |
|
|a Remmel, Rheanna J.
|e VerfasserIn
|4 aut
|
| 700 |
1 |
|
|a Schug, Robert A.
|e VerfasserIn
|0 (DE-588)1060136686
|0 (DE-627)799284181
|0 (DE-576)366595016
|4 aut
|
| 700 |
1 |
|
|a Tuvblad, Catherine
|e VerfasserIn
|4 aut
|
| 700 |
1 |
|
|a Yang, Yaling
|e VerfasserIn
|4 aut
|
| 773 |
0 |
8 |
|i Enthalten in
|t The Oxford handbook of developmental and life-course criminology
|d New York, NY : Oxford University Press, 2019
|g (2019), Seite 325-354
|h xix, 780 Seiten
|w (DE-627)164502041X
|w (DE-576)514873604
|z 9780190201371
|7 nnam
|
| 773 |
1 |
8 |
|g year:2019
|g pages:325-354
|
| 951 |
|
|
|a AR
|
| ELC |
|
|
|b 1
|
| LOK |
|
|
|0 000 xxxxxcx a22 zn 4500
|
| LOK |
|
|
|0 001 3599006024
|
| LOK |
|
|
|0 003 DE-627
|
| LOK |
|
|
|0 004 1691188298
|
| LOK |
|
|
|0 005 20251010113359
|
| LOK |
|
|
|0 008 200227||||||||||||||||ger|||||||
|
| LOK |
|
|
|0 040
|a DE-21-110
|c DE-627
|d DE-21-110
|
| LOK |
|
|
|0 689
|a s
|a Kriminalität
|
| LOK |
|
|
|0 689
|a s
|a Lebensverlauf
|
| LOK |
|
|
|0 689
|a s
|a Psychophysiologie
|
| LOK |
|
|
|0 689
|a s
|a Genetik
|
| LOK |
|
|
|0 689
|a s
|a Hormone
|
| LOK |
|
|
|0 689
|a s
|a Neuropsychologie
|
| LOK |
|
|
|0 689
|a s
|a Biologische Faktoren
|
| LOK |
|
|
|0 852
|a DE-21-110
|
| LOK |
|
|
|0 852 1
|m p
|9 00
|
| LOK |
|
|
|0 938
|k p
|
| LOK |
|
|
|0 939
|a 27-02-20
|b l01
|
| ORI |
|
|
|a SA-MARC-krimdoka001.raw
|